Management Systems as the Melioration Organization Performance Instrument

Systémy riadenia ako nástroj na zlepšovanie výkonnosti a ziskovosti podniku. Prehľad systémov riadenia. Systém riadenia kvality, normy ISO 9001:2008, 9001:2015. Environmentálny manažment, norma ISO 14001:2015. Integrovaný systém riadenia.

Guardado en:
Detalles Bibliográficos
Autor principal: Karkalíková, Marta
Formato: Capítulo de libro
Lenguaje:inglés
Materias:
Etiquetas: Agregar Etiqueta
Sin Etiquetas, Sea el primero en etiquetar este registro!

MARC

LEADER 00000naa$a2200000$$$4500
001 0246381
005 20240502083657.5
041 0 |a eng 
044 |a PL 
245 1 0 |a Management Systems as the Melioration Organization Performance Instrument  |c Marta Karkalíková 
520 |a Systémy riadenia ako nástroj na zlepšovanie výkonnosti a ziskovosti podniku. Prehľad systémov riadenia. Systém riadenia kvality, normy ISO 9001:2008, 9001:2015. Environmentálny manažment, norma ISO 14001:2015. Integrovaný systém riadenia. 
610 2 0 |a podnik 
610 2 0 |a organizácia 
610 2 0 |a riadenie 
610 2 0 |a riadenie kvality 
610 2 0 |a systémy riadenia 
610 2 0 |a manažment 
610 2 0 |a manažment environmentálny 
610 2 0 |a normy ISO 
610 2 0 |a normy kvality 
610 2 0 |a štandardy 
610 2 0 |a znižovanie nákladov 
610 2 0 |a efektívnosť ekonomická 
610 2 0 |a inovácia 
610 2 0 |a kvalita 
610 2 0 |a výkonnosť 
610 2 0 |a výkonnosť podniku 
100 1 |a Karkalíková, Marta